| 000 | 00412nam a2200121Ia 4500 | ||
|---|---|---|---|
| 008 | 220615s9999||||xx |||||||||||||| ||und|| | ||
| 100 | _aWeissman, David | ||
| 245 | 0 |
_aAgency _bMoral Identity and Free Will |
|
| 546 | _aEnglish[eng] | ||
| 650 | _aagency||moral identity||free will||philosophy||moral philosophy | ||
| 856 | _uhttps://library.oapen.org/bitstream/20.500.12657/41258/1/9781783748778.pdf | ||
| 942 | _cEB | ||
| 999 |
_c11760 _d11760 |
||